ទិន្នផលស្រូវកណ្តាលរដូវវស្សានាំចូល ក្នុងលក្ខ័ណ្ឌពិសោធន៍ ចំការដូង (Record no. 69)

000 -LEADER
fixed length control field 00553nam a22001577a 4500
003 - CONTROL NUMBER IDENTIFIER
control field OSt
005 - DATE AND TIME OF LATEST TRANSACTION
control field 20150906091931.0
008 - FIXED-LENGTH DATA ELEMENTS--GENERAL INFORMATION
fixed length control field 150906b xxu||||| |||| 00| 0 eng d
040 ## - CATALOGING SOURCE
Transcribing agency RUA
082 ## - DEWEY DECIMAL CLASSIFICATION NUMBER
Classification number AGR សោម 1991 B004 Or.1
100 ## - MAIN ENTRY--PERSONAL NAME
9 (RLIN) 72
Personal name សោម ល​ន់
245 ## - TITLE STATEMENT
Title ទិន្នផលស្រូវកណ្តាលរដូវវស្សានាំចូល ក្នុងលក្ខ័ណ្ឌពិសោធន៍ ចំការដូង
260 ## - PUBLICATION, DISTRIBUTION, ETC. (IMPRINT)
Place of publication, distribution, etc. Phnom Penh
Name of publisher, distributor, etc. RUA
Date of publication, distribution, etc. 1991
300 ## - PHYSICAL DESCRIPTION
Extent 70p.
Other physical details ill.
Dimensions 29cm
942 ## - ADDED ENTRY ELEMENTS (KOHA)
Source of classification or shelving scheme
Koha item type AGR
Holdings
Price effective from Date last seen Permanent Location Not for loan Date acquired Source of classification or shelving scheme Koha item type Barcode Lost status Damaged status Shelving location Withdrawn status Current Location Full call number
2015-09-062015-09-06Library Block B 2015-09-06 AGRRUA004549  B004 Library Block BAGR សោម 1991 B004 Or.1
2015-09-062015-09-06Library Block B 2015-09-06 AGRRUA005985  B004 Library Block BAGR សោម 1991 B004 Or.2
2015-09-062015-09-06Library Block B 2015-09-06 AGRRUA005484  B004 Library Block BAGR សោម 1991 B004 Or.3
2015-09-062015-09-06Library Block B 2015-09-06 AGRRUA005501  B004 Library Block BAGR សោម 1991 B004 Or.4
2015-09-062015-09-06Library Block B 2015-09-06 AGRRUA005997  B004 Library Block BAGR សោម 1991 B004 Or.5
2015-09-062015-09-06Library Block B 2015-09-06 AGRRUA005568  B004 Library Block BAGR សោម 1991 B004 Or.6
មជ្ឈមណ្ឌលឯការនៃសាកលវិទ្យាល័យភូមិន្ទកសិកម្មចំការដូង

Powered by Koha